La reforma del estado, una empresa de todos (Registro nro. 18010)

Detalles MARC
000 -LEADER
fixed length control field 00331 a2200109 4500
001 - CONTROL NUMBER
control field ART_12758
005 - DATE AND TIME OF LATEST TRANSACTION
control field 20260410161733.0
008 - FIXED-LENGTH DATA ELEMENTS--GENERAL INFORMATION
fixed length control field 260409a
100 1# - MAIN ENTRY--PERSONAL NAME
Personal name Terragno, Rodolfo
245 10 - TITLE STATEMENT
Title La reforma del estado, una empresa de todos
773 0# - HOST ITEM ENTRY
Title Ejecutivos de finanzas
Related parts - Año 6, Nº 44 (abr. 1988)
Record control number REV2863

No hay ítems disponibles.